Trabzonspor Teknik Direktörleri - Armageddon - Statistics

General Stats
  • This quiz has been taken 100 times
  • The average score is 7 of 15
Answers on the Grid
Answers color-coded by a green-red scale on the quiz's grid according to % correct below.
Abdullah Avcı
Joachim Löw
Ünal Karaman
Recep Uçar
Ersun Yanal
Şenol Güneş
Okan Buruk
Hans-Peter Briegel
Vítor Pereira
Rıza Çalımbay
Nenad Bjelica
Samet Aybaba
John Toshack
İsmail Kartal
Georges Leekens
Christoph Daum
Tolunay Kafkas
Fatih Terim
Hugo Broos
Mustafa Denizli
Ertuğrul Sağlam
Robert Prosinečki
Mircea Lucescu
Urbain Braems
Fatih Tekke
Hamza Hamzaoğlu
Şota Arveladze
Paul Le Guen
Eric Gerets
Vahid Halilhodžić
 
Answer Stats
Answer % Correct
Abdullah Avcı
91%
Şenol Güneş
84%
Ünal Karaman
69%
Ersun Yanal
67%
Fatih Tekke
65%
Tolunay Kafkas
58%
Şota Arveladze
55%
Nenad Bjelica
53%
Rıza Çalımbay
40%
Vahid Halilhodžić
33%
Hugo Broos
25%
Samet Aybaba
24%
Hans-Peter Briegel
15%
Urbain Braems
15%
Georges Leekens
13%
No matching quizzes found
Score Distribution
Percent of People with Each Score
Percentile by Number Answered
Your Score History
You have not taken this quiz